000 00649nam a22002537a 4500
003 UA-OsUOA
001 52725
007 ta
008 20080303b un ||||| |||| 00| 0 ukr d
100 _aШморгун Н. П.
700 _aГоловко І. В.
090 _a336(075.8)
_bШ66
942 _cBK
040 _aUA-OsUOA
_bukr
_cUA-OsUOA
_dUA-OsUOA
245 _aФінансовий аналіз
_bНавчальний посібник
300 _a528 с.
955 _a2
041 _aukr
080 _a336(075.8)
020 _a966-364-333-1
260 _aК.
_bЦНЛ
_c2006
650 7 _a336 Фінанси
_2UDC
999 _c338811
_d338811